Movies Quiz

Random Movies Quiz
Score 0/15 Timer 05:00
0 Plays Today
RT Rating Movie Title % Correct
84%Erin Brockovich
92.5%
65%August: Osage County
77%
82%Ocean's Eleven
75.9%
77%Mystic Pizza
70.7%
73%My Best Friend's Wedding
69.5%
83%Notting Hill
66.1%
69%Steel Magnolias
60.3%
82%Charlie Wilson's War
55.2%
RT Rating Movie Title % Correct
68%Closer
40.2%
64%Duplicity
32.2%
79%Charlotte's Web
23.6%
85%Wonder
19.5%
78%Confessions of a Dangerous Mind
16.7%
76%Michael Collins
14.9%
79%Everyone Says I Love You
10.3%

You're not logged in!

Compare scores with friends on all Sporcle quizzes.
OR
Log In

Sporcle TV

Today on Sporcle TV


Watch our educational content, quiz creation guides, and fun videos on Sporcle TV.

Show Comments

Extras

Top Quizzes Today


Score Distribution

Paid Content

Your Account Isn't Verified!

In order to create a playlist on Sporcle, you need to verify the email address you used during registration. Go to your Sporcle Settings to finish the process.

Report this User

Report this user for behavior that violates our Community Guidelines.

Details: